000 00754nam a2200241Ia 4500
003 OSt
005 20220926002535.0
006 a|||||r|||| 00| 0
007 ta
008 220923b |||||||| |||| 00| 0 eng d
020 _a8123745966
_c38.25
037 _b891, 18/03/2013, Pranami Book Service
_cGeneral Book
040 _aRTL
_cRTL
_beng
041 _2eng
_aeng
082 _aY9(X991), P5
100 _aBHADURI Amit
_939946
245 0 _aDevelopment with dignity
_b A case for full employment.
260 _a New Delhi
_bNational Book Trust
_c2005
300 _ax,107p.
_ccm.
650 _aSociology
942 _hY9(X991), P5
_cGB
_2CC
999 _c605373
_d605373